Ropné šoky a súčasný vývoj cien ropy
Súčasné hospodárstvo je založené na rope, ktorá je dôležitým zdrojom energie a surovinou pre mnohé odvetvia. Preto má cena ropy obrovský vplyv na svetové hospodárstvo. Cena ropy je stanovená na trhu, kde sa stretáva dopyt a ponuka po rope, avšak je tu celý rad ďalších faktorov, ktoré majú vplyv na c...
Salvato in:
| Autore principale: | |
|---|---|
| Natura: | Capitolo di libro |
| Lingua: | slovacco |
| Soggetti: | |
| Tags: |
Nessun Tag, puoi essere il primo ad aggiungerne!!
|
MARC
| LEADER | 00000naa$a2200000$$$4500 | ||
|---|---|---|---|
| 001 | 0038392 | ||
| 005 | 20240502071459.6 | ||
| 041 | 0 | |a slo | |
| 044 | |a SK | ||
| 245 | 1 | 0 | |a Ropné šoky a súčasný vývoj cien ropy |c Juraj Skovajsa |
| 520 | |a Súčasné hospodárstvo je založené na rope, ktorá je dôležitým zdrojom energie a surovinou pre mnohé odvetvia. Preto má cena ropy obrovský vplyv na svetové hospodárstvo. Cena ropy je stanovená na trhu, kde sa stretáva dopyt a ponuka po rope, avšak je tu celý rad ďalších faktorov, ktoré majú vplyv na cenu ropy. Štúdium týchto faktorov a vplyvu ceny ropy na reálnu ekonomiku, pomôže odhadnúť budúci vývoj ekonomiky, ako aj predísť problémom spôsobeným kolísaním ceny ropy. | ||
| 610 | 2 | 0 | |a ropa |
| 610 | 2 | 0 | |a ceny |
| 610 | 2 | 0 | |a vývoj cenový |
| 610 | 2 | 0 | |a vývoj hospodársky |
| 100 | 1 | |a Skovajsa, Juraj | |